000 00455 a2200109 4500
001 ART_10777
005 20260410161854.0
008 260409a
245 1 0 _aLos adolescentes y las decisiones sobre la salud en el Anteproyecto de la Reforma del Código Civil y Comercial de la Nación
100 1 _aWierzba, Sandra M.
773 0 _tDerecho privado
_gReforma del Código Civil I. Aspectos generales - Año I, Nº 2 (sep. 2012)
_wREV10455
999 _c25301
_d25301